Considered speaker's' rulimgs 1963-2007 (Record no. 354)
[ view plain ]
| 000 -LEADER | |
|---|---|
| fixed length control field | 00387nam a22001217a 4500 |
| 008 - FIXED-LENGTH DATA ELEMENTS--GENERAL INFORMATION | |
| fixed length control field | 230605b xxu||||| |||| 00| 0 eng d |
| 082 ## - DEWEY DECIMAL CLASSIFICATION NUMBER | |
| Classification number | 328.16762 |
| Item number | GIC |
| 100 ## - MAIN ENTRY--PERSONAL NAME | |
| Titles and words associated with a name | Patrick G. gichohi |
| Relator term | Clerk Assistant, parliament of kenya |
| 245 ## - TITLE STATEMENT | |
| Title | Considered speaker's' rulimgs 1963-2007 |
| Remainder of title | First to Tenth Parliament of the republic of kenya |
| 260 ## - PUBLICATION, DISTRIBUTION, ETC. (IMPRINT) | |
| Date of publication, distribution, etc. | july 2007 |
| 300 ## - PHYSICAL DESCRIPTION | |
| Extent | 236p |
| 942 ## - ADDED ENTRY ELEMENTS (KOHA) | |
| Source of classification or shelving scheme | Dewey Decimal Classification |
| Koha item type | Books |
| Withdrawn status | Lost status | Source of classification or shelving scheme | Damaged status | Not for loan | Home library | Current library | Date acquired | Total Checkouts | Full call number | Barcode | Date last seen | Price effective from | Koha item type |
|---|---|---|---|---|---|---|---|---|---|---|---|---|---|
| Dewey Decimal Classification | Bunge Tower Library | Bunge Tower Library | 06/05/2023 | 328.16762 GIC | 10015524 | 06/05/2023 | 06/05/2023 | Books |
